01259nam a22002057a 4500003000900000008004100009040007100050082001900121100002600140245003200166260005200198300002800250505064300278650002100921650001100942650002600953700002600979700002501005700002301030AR-CdUCM190517b ||||| |||| 00| 0 spa d aMUNICIPALIDAD PROVINCIAL DEL CUSCOcBIBLIOTECA MUNICIPAL DEL CUSCO a940.531 /bJ61 aJimenez de Agua, Luis aEl mundo de la postguerra / aBuenos Aires :bEdit. Mundo Atlántico,c1944. a219 páginas ;c21 cm. aContenido: t. 1. La seguridad colectiva, por Vicente Rojo. Hacia un nuevo derecho civil, por Angel Ossorio. La endocrinología del porvenir, por Juan Cuatrecasas. Perspectivas del pueblo judío, por Alberto Gerchunoff -- t. 2. El derecho penal del futuro, por Luis Jiménez de Asúa. La higiene mental en la postguerra, por Emilio Mira y López. Los estados soberanos y la paz, por Guillermo Díaz Doin. La economía del mañana, por Guillermo Perales -- t. 3. Regresión jurídica en el siglo XX [por] Niceto Alcalá-Zamora. Hacia una paz durarera [por] Adolfo Mitre. Lo que llaman Hispano-americanismo [por] J. Mora Guarnido. aReconstrucción aGuerra aDerecho penal liberal aMira y Lopez, Emilio  aDIaz Doin, Guillermo aPereles, Guillermo